The Only Remaining EU country - Statistics

General Stats
  • This quiz has been taken 133 times
  • The average score is 13 of 27
Answer Stats
Hint Answer % Correct
QUESTIONS ...that is a landlocked founding country Luxembourg
86%
QUESTIONS ...that joined after the year 2010 Croatia
77%
QUESTIONS ...whose citizens are over 20% Russians Latvia
70%
QUESTIONS ...that uses the Cyrillic script Bulgaria
69%
QUESTIONS ...whose GDP per capita is higher than $100,000 Ireland
66%
QUESTIONS ...that has won the FIFA World Cup at least 4 times Italy
63%
QUESTIONS ...that is a South Slavic country Slovenia
61%
QUESTIONS ...whose population density is less than 20/km2 (50/sq mi) Finland
60%
QUESTIONS ...that has won more Winter Olympic games medals than Summer Olympic games medals Austria
59%
QUESTIONS ...used to be in the Soviet Union Lithuania
59%
QUESTIONS ...whose area is smaller than 10,000km2 Malta
57%
QUESTIONS ...is both a post-Communist and Western country Germany
56%
QUESTIONS ...that has multiple official languages Belgium
54%
QUESTIONS ...that does not use the Latin alphabet Greece
47%
QUESTIONS ...that has an animal on its flag Spain
46%
QUESTIONS ...that has black on its flag Estonia
40%
QUESTIONS ...whose population density is over 400/km2 (1000/sq mi) Netherlands
38%
QUESTIONS ...over 50% of its population are Lutherans Sweden
34%
QUESTIONS ...that is a monarchy Denmark
33%
QUESTIONS ...that has hosted Olympic games France
33%
QUESTIONS ...whose official language is not in the Indo-European family Hungary
32%
QUESTIONS ...has won some Summer Olympic medals but no Winter Olympic medals Portugal
29%
QUESTIONS ...that has orange on its flag Cyprus
28%
QUESTIONS ...all of its neighbours are in the EU Czech Republic
23%
QUESTIONS ...uses the Euro Slovakia
19%
QUESTIONS ...is in the EU Poland
18%
QUESTIONS ...has three colours on its flag Romania
16%
No matching quizzes found
Score Distribution
Percent of People with Each Score
Percentile by Number Answered
Your Score History
You have not taken this quiz